Urban Archipelagos - Statistics

General Stats
  • This quiz has been taken 431 times
    421 since last reset
  • The average score is 7 of 23
Answer Stats
Hint Answer % Correct
North America New York City
78%
Asia Singapore
76%
Asia Hong Kong
59%
Europe Stockholm
53%
Europe Venice
52%
Europe Amsterdam
51%
North America Montreal
49%
Asia Mumbai
41%
Africa Lagos
39%
Asia Macau
36%
Middle East Abu Dhabi
35%
Middle East Bahrain
29%
Asia Dhaka
27%
Europe St Petersburg
27%
Asia Xiamen
19%
Asia Guangzhou
16%
Africa Abidjan
14%
Africa Mombasa
8%
South America Florianopolis
6%
North America Galveston
5%
North America Atlantic City
3%
Europe Cadiz
2%
Asia Zhoushan
1%
No matching quizzes found
Score Distribution
Percent of People with Each Score
Percentile by Number Answered
Your Score History
You have not taken this quiz since the last reset